000 nam a22 7a 4500
999 _c16104
_d16104
008 161108b xxu||||| |||| 00| 0 eng d
020 _a9780721674841
050 _aRT 41 .L87 1997
100 _aLuckmann
_d1997
245 _aMedical-Surgical Nursing Clinical Management For Continuity of Care
_cJoyce M.Black, M.S.N.,R.N.,C.P.S.N., Esther Matassarin-Jacobs PhD.,R.N.,O.C.N.
250 _a5th ed
260 _aLondon
_bW.B. Saunders Compony
_c1997
300 _axliv,2604p;
_bincludes bibliographical references and indexes
650 _2Nursing care
942 _2lcc
_cBOOKS
_hRT 41 .L87 1997
_k27355